Statistics for WW2 History Quiz

Click here to take the quiz!

General Stats

  • This quiz has been taken 957 times
  • The average score is 6 of 11

Answer Stats

HintAnswer% Correct
Nazi Germany DictatorAdolf Hitler
91%
British Prime MinisterWinston Churchill
84%
Soviet Union DictatorJoseph Stalin
81%
Italian Fascist DictatorBenito Mussolini
74%
Emperor of JapanHirohito
71%
Female Jewish AuthorAnne Frank
60%
32nd US PresidentFranklin Roosevelt
56%
Spanish DictatorFrancisco Franco
37%
US Pacific War GeneralDouglas MacArthur
27%
Japanese Military GeneralHideki Tojo
21%
Primary Leader of The Nazi PartyHermann Goring
8%

Score Distribution

Percentile by Number Answered

Percent of People with Each Score

Your Score History

You have not taken this quiz